Welcome to WEB OPAC of MRSPTU Central Library

Security analysis and portfolio management investment management (Record no. 5540)

MARC details
000 -LEADER
fixed length control field 00488nam a2200181Ia 4500
008 - FIXED-LENGTH DATA ELEMENTS--GENERAL INFORMATION
fixed length control field 230711s9999||||xx |||||||||||||| ||und||
020 ## - INTERNATIONAL STANDARD BOOK NUMBER
International Standard Book Number 978-81-272-5708-4
041 ## - LANGUAGE CODE
Language code of text/sound track or separate title ENG
082 ## - DEWEY DECIMAL CLASSIFICATION NUMBER
Classification number 658
Item number GU-S
100 ## - MAIN ENTRY--PERSONAL NAME
Personal name Gupta,Shashi K
245 #0 - TITLE STATEMENT
Title Security analysis and portfolio management investment management
250 ## - EDITION STATEMENT
Edition statement 3rd Ed.
260 ## - PUBLICATION, DISTRIBUTION, ETC.
Date of publication, distribution, etc. 2012
Place of publication, distribution, etc. New Delhi
Name of publisher, distributor, etc. Kalyani Publishers House
300 ## - PHYSICAL DESCRIPTION
Extent 436
650 ## - SUBJECT ADDED ENTRY--TOPICAL TERM
Topical term or geographic name entry element UNIVESITY BUSNIESS SCHOOL
700 ## - ADDED ENTRY--PERSONAL NAME
Personal name Joshi,Rosy
942 ## - ADDED ENTRY ELEMENTS (KOHA)
Koha item type Book
Holdings
Withdrawn status Lost status Damaged status Not for loan Collection Home library Current library Date acquired Total checkouts Full call number Barcode Date last seen Price effective from Koha item type Date last checked out
          MRSPTU Central Library MRSPTU Central Library     658 GU-S 24510 08/17/2023 08/17/2023 Book  
          MRSPTU Central Library MRSPTU Central Library     658 GU-S 24511 08/17/2023 08/17/2023 Book  
          MRSPTU Central Library MRSPTU Central Library     658 GU-S 24512 08/17/2023 08/17/2023 Book  
          MRSPTU Central Library MRSPTU Central Library     658 GU-S 24513 08/17/2023 08/17/2023 Book  
          MRSPTU Central Library MRSPTU Central Library     658 GU-S 24514 08/17/2023 08/17/2023 Book  
          MRSPTU Central Library MRSPTU Central Library   2 658 GU-S 24515 11/18/2025 08/17/2023 Book 11/18/2025
          MRSPTU Central Library MRSPTU Central Library     658 GU-S 24516 08/17/2023 08/17/2023 Book  
          MRSPTU Central Library MRSPTU Central Library     658 GU-S 24517 08/17/2023 08/17/2023 Book  
          MRSPTU Central Library MRSPTU Central Library     658 GU-S 24518 08/17/2023 08/17/2023 Book  
          MRSPTU Central Library MRSPTU Central Library     658 GU-S 24519 08/17/2023 08/17/2023 Book  
          MRSPTU Central Library MRSPTU Central Library     658 GU-S 24520 08/17/2023 08/17/2023 Book  
          MRSPTU Central Library MRSPTU Central Library     658 GU-S 24521 08/17/2023 08/17/2023 Book  
          MRSPTU Central Library MRSPTU Central Library     658 GU-S 24522 08/17/2023 08/17/2023 Book  
          MRSPTU Central Library MRSPTU Central Library     658 GU-S 24523 08/17/2023 08/17/2023 Book  
          MRSPTU Central Library MRSPTU Central Library     658 GU-S 24524 08/17/2023 08/17/2023 Book  
          MRSPTU Central Library MRSPTU Central Library     658 GU-S 24525 08/17/2023 08/17/2023 Book  
          MRSPTU Central Library MRSPTU Central Library     658 GU-S 24526 08/17/2023 08/17/2023 Book  
          MRSPTU Central Library MRSPTU Central Library   1 658 GU-S 24527 12/18/2025 08/17/2023 Book 11/18/2025
          MRSPTU Central Library MRSPTU Central Library   2 658 GU-S 24528 02/06/2024 08/17/2023 Book 01/30/2024
          MRSPTU Central Library MRSPTU Central Library     658 GU-S 24529 08/17/2023 08/17/2023 Book  

Website Designed and Developed by MRSPTU Central Library Team

E-mail Id: librarian@mrsptu.ac.in